000 00752nam a2200121Ia 4500
008 220615s9999||||xx |||||||||||||| ||und||
100 _aBeaman, Jean
245 0 _aCitizen Outsider
_bChildren of North African Immigrants in France
546 _aEnglish[eng]
650 _aislam||race and ethnicity||france||north african||second generation||international migration||cultural citizenship||postcolonial||racial project||children of immigrants||Banlieue||French people||Middle class||Paris||Social exclusion||United States
856 _uhttps://library.oapen.org/bitstream/20.500.12657/31133/1/637914.pdf||https://library.oapen.org/bitstream/20.500.12657/31133/1/637914.pdf||https://library.oapen.org/bitstream/20.500.12657/31133/1/637914.pdf
942 _cEB
999 _c17281
_d17281